Finanční analýza komplexní průvodce s příklady

Guardado en:
Detalles Bibliográficos
Autor principal: Knápková, Adriana
Otros Autores: Pavelková, Drahomíra, Šteker, Karel
Formato: Libro
Lenguaje:checo
Publicado: Praha Grada Publishing 2013
Edición:2. rozšír. vyd.
Colección:Prosperita firmy
Materias:
Etiquetas: Agregar Etiqueta
Sin Etiquetas, Sea el primero en etiquetar este registro!

MARC

LEADER 00000nam a2200000 4500
001 0165261
005 20240314075901.2
020 |a 978-80-247-4456-8 
041 0 |a cze 
044 |a CZ 
245 1 0 |a Finanční analýza  |b komplexní průvodce s příklady  |c Adriana Knápková 
250 |a 2. rozšír. vyd. 
264 1 |a Praha  |b Grada Publishing  |c 2013 
300 |a 236 s. 
490 1 |a Prosperita firmy 
830 0 |a Prosperita firmy 
610 2 0 |a analýza finančná 
610 2 0 |a riadenie finančné 
610 2 0 |a výkazy účtovné 
610 2 0 |a cash flow 
610 2 0 |a benchmarking 
610 2 0 |a riadenie výkonov 
610 2 0 |a výkony podnikové 
610 2 0 |a hodnota pridaná ekonomická 
610 2 0 |a ukazovateľ EVA 
610 2 0 |a hodnota trhová 
610 2 0 |a IFRS 
610 2 0 |a náklady 
610 2 0 |a kapitál vlastný 
100 1 |a Knápková, Adriana 
700 1 |a Pavelková, Drahomíra 
700 1 |a Šteker, Karel